000 00582cam a22002291 4500
001 sa 66000924
003 DLC
005 20260227112218.0
008 890417s1963 ii b 000 0 hino
010 _asa 66000924
035 _a(OCoLC)19559892
040 _aDLC
_cWaU
_dDLC
042 _apremarc
050 0 0 _aPN45
_b.S378
100 1 _aŚarmā, Haradvārī Lāla,
_d1919-
245 1 0 _aRasa aura rasāsvādana.
260 _c[1963/64]
300 _a7, 247 p.
_c19 cm.
500 _aIn Hindi.
504 _aBibliographical footnotes.
650 0 _aLiterature
_xAesthetics.
999 _c67509
_d67509